000 00451nam a2200193Ia 4500
008 210210b1906 xxu||||| |||| 00| 0 eng d
041 _aeng
082 _a825/103
100 _aBOND (Harold L)
245 _aLiterary art of Edward Giblon
260 _aOxford
_bAt the Clarendon Press
_c1906
650 _aof
650 _aLiterary
650 _aGiblon
650 _aEdward
650 _aart
690 _aEnglish Criticism
906 _a014421
999 _c133604
_d133604